00963cam a2200301 45000010005000000030006000050050017000110080041000280100017000690150014000860200018001000400023001180500018001410820012001591000021001712450083001922500039002752600028003143000040003423500009003825050007003915200145003985210018005435210018005616500019005796500031005987000032006292245FISKH20231113145157.0710917s1968 enka a 000 1 eng  a 72028356  aB68-11486 a9781405271974 aDLCcDLCdDLCbeng00aPZ7.T5973bOw a823.9141 aTomlinson, Jill.14aThe owl who was afraid of the dark /cJill Tomlinson ; Picture by Paul Howard  aPublished in this edition in 2014  aLondon :bEgmont,c1968 a98 pages :billustrations ;c20 cm a10/6 aM  aOwls are supposed to be night birds, but young Plop is afraid of the dark, despite how much other people and animals tell him they enjoy it.8 a550 bLexile 8 aM bRaz-Plus  1aOwlsvFiction. 1aFear of the darkvFiction. aHoward, Paul eillustrator